000 00652nam a2200193Ia 4500
003 GCL
008 140319s9999 xx 000 0 ara d
040 _aGCL /
_cGCL
082 0 4 _a239.9
_bخ و
100 1 _aخالد محمد خالد
245 1 0 _aوجاء أبو بكر(هدية من الاديب عبدالفتاح الجمل) /
_cخالد محمد خالد
300 _a163 ص
490 _aالهيئة العامة للاستعلامات
_v0
650 0 4 _aالاسلام - تراجم
650 0 4 _aالصحابة والتابعون
650 0 4 _aالخلفاء الراشدون
650 0 4 _aابو بكر الصديق
942 _2ddc
_cBK
999 _c47229
_d47229